000 01370nam a2200361 a 4500
001 ebr10224852
003 CaPaEBR
006 m u
007 cr cn|||||||||
008 070226s2006 enk sb 001 0 eng d
010 _z 2007271458
015 _aGBA709455
_2bnb
016 7 _z013659634
_2Uk
020 _z9780826488909 (hard)
020 _z0826488900 (hard)
040 _aCaPaEBR
_cCaPaEBR
035 _a(OCoLC)319491672
050 1 4 _aB2799.A4
_bK35 2006eb
082 0 4 _a111/.85092
_222
100 1 _aKalar, Brent.
245 1 4 _aThe demands of taste in Kant's aesthetics
_h[electronic resource] /
_cBrent Kalar.
260 _aLondon ;
_aNew York :
_bContinuum,
_cc2006.
300 _ax, 176 p. .
490 1 _aContinuum studies in philosophy
504 _aIncludes bibliographical references (p. [167]-171) and index.
533 _aElectronic reproduction.
_bPalo Alto, Calif. :
_cebrary,
_d2013.
_nAvailable via World Wide Web.
_nAccess may be limited to ebrary affiliated libraries.
600 1 0 _aKant, Immanuel,
_d1724-1804
_xAesthetics.
650 0 _aAesthetics, Modern
_y18th century.
655 7 _aElectronic books.
_2local
710 2 _aebrary, Inc.
830 0 _aContinuum studies in philosophy.
856 4 0 _uhttp://site.ebrary.com/lib/rucke/Doc?id=10224852
_zAn electronic book accessible through the World Wide Web; click to view
999 _c40624
_d40624